Susurluk komisyonu tutanakları 1 (Record no. 6811)
[ view plain ]
| 000 -BAŞLIK | |
|---|---|
| Sabit Uzunlukta Kontrol Alanı | 00738na a2200241 4500 |
| 001 - KONTROL NUMARASI | |
| Denetim Alanı | 19841 |
| 003 - KONTROL NUMARASI IDENTIFIER | |
| Denetim Alanı | MIRAKIL |
| 005 - SON İŞLEM TARİHİ VE ZAMANI | |
| Denetim Alanı | 20181213155120.0 |
| 008 - SABİT-BOY VERİ ELEMANLARI - GENEL BİLGİLER | |
| Sabit Uzunlukta Kontrol Alanı | 161227b tu 000 0 |
| 020 ## - ULUSLARARASI STANDART KİTAP NUMARASI | |
| Uluslararası Standart Kitap Numarası | 9753431678 (1.kitap) |
| 020 ## - ULUSLARARASI STANDART KİTAP NUMARASI | |
| Uluslararası Standart Kitap Numarası | 9753431651 (tk.no.) |
| 040 ## - KATALOGLAMA KAYNAK | |
| Orijinal Kataloglama Ajansı | Milas |
| Kataloglama Dili | tur |
| Metne Dönüştürmek Ajansı | TR-AnCHP |
| 041 ## - DİL KODU | |
| Metin / Ses Parça Veya Ayrı Başlığın Dil Kodu | tur |
| 082 ## - DEWEY ONLU SINIFLANDIRMA NUMARASI | |
| Sınıflandırma Numarası | 364.13 |
| Ürün Numarası | S87 1997 |
| 090 ## - SINIFLAMA NUMARASI | |
| Sınıflama Numarası | 364.13 S87 1997 |
| 245 ## - BAŞLIK TABLOSU | |
| Başlık | Susurluk komisyonu tutanakları 1 |
| Başlığın Kalan | Doğu Perinçek ve Mesut Yılmaz'ın açıklamaları |
| Sorumluluk Tablosu, Vb | Analiz Basım Yayın Tasarım Uygulama LTD. ŞTİ. |
| 260 ## - YAYIN, DAĞITIM, VB | |
| Yayın, Dağıtım, Vb Yeri | İstanbul |
| Yayıncı, Dağıtıcı, Vs Adı | Kaynak Yayınları |
| Yayın, Dağıtım, Vb Tarihi | 1997 |
| 300 ## - FİZİKSEL TANIM | |
| Kapsam | 165 s. |
| Boyutlar | 20 sm. |
| 600 ## - KONU KATMA GİRİŞ - KURUMSAL ADI | |
| Kişisel Ad | Yılmaz, Mesut |
| 600 ## - KONU KATMA GİRİŞ - KURUMSAL ADI | |
| Kişisel Ad | Perinçek, Doğu |
| 650 ## - KONU KATMA GİRİŞ - TOPİKAL DÖNEM | |
| Topikal Süreli Veya Coğrafi Ad Giriş Elemanı | Susurluk olayı |
| Coğrafi Alt Bölümü | Türkiye |
| 942 ## - EKLENDİ GİRİŞ ELEMANLARI (KOHA) | |
| Sınıflandırma Veya Raf Düzeni Kaynak | |
| Koha Öğesi Türü | Books |
| 999 ## - SİSTEM KONTROL NUMARALARI (KOHA) | |
| Koha Biblionumber | 6811 |
| Koha Biblioitemnumber | 6811 |
| Kalıcı Konum | Mevcut Konum | Edinme Tarihi | Edinim Kaynak | Toplam Check-Out'Lar | Tam Çağrı Numarası | Barkod | Tarih Son Görülme | İtibaren Geçerli Fiyatlar | Koha Öğesi Türü |
|---|---|---|---|---|---|---|---|---|---|
| CHP Kütüphanesi | CHP Kütüphanesi | 12/27/2016 | Bağış | 364.13 S87 1997 | 010858 | 12/27/2016 | 12/27/2016 | Books |
